Central Library OPAC University of Rajshahi

Complete book of games and stunts / (Record no. 17770)

MARC details
000 -LEADER
fixed length control field 00837nam a22002531 4500
001 - CONTROL NUMBER
control field 17770
003 - CONTROL NUMBER IDENTIFIER
rucl marc code BD-RjUL
005 - DATE AND TIME OF LATEST TRANSACTION
control field 20211209000206.0
008 - FIXED-LENGTH DATA ELEMENTS--GENERAL INFORMATION
fixed length control field 140217r1969 njua 001 0 eng
035 ## - SYSTEM CONTROL NUMBER
System control number (BD-RjUL)17828
040 ## - CATALOGING SOURCE
Original cataloging agency DLC
Transcribing agency DLC
Modifying agency DLC
-- BD-RjUL
Language of cataloging eng
041 ## - LANGUAGE CODE
Language code of text/sound track or separate title eng
082 00 - DEWEY DECIMAL CLASSIFICATION NUMBER
Classification number 793
Author mark and year HIC 1969
100 1# - MAIN ENTRY--PERSONAL NAME
Personal name Hindman, Darwin Alexander.
9 (RLIN) 54821
245 00 - TITLE STATEMENT
Title Complete book of games and stunts /
Statement of responsibility, etc. Darwin Alexander Hindman,
260 ## - PUBLICATION, DISTRIBUTION, ETC. (IMPRINT)
Place of publication, distribution, etc. Englewood Cliffs, N.J. :
Name of publisher, distributor, etc. Prentice-Hall,
Date of publication, distribution, etc. c1956 [Reprinted 1969].
300 ## - PHYSICAL DESCRIPTION
Pagination 296, 415, xxviii p. :
Illustrations ill. ;
Size 22 cm.
500 ## - GENERAL NOTE
General note "Published in original form under the titles: Handbook of indoor games and stunts, and Handbook of active games."
504 ## - BIBLIOGRAPHY, ETC. NOTE
Bibliography, etc Includes index.
650 #0 - SUBJECT ADDED ENTRY--TOPICAL TERM
Topical term or geographic name as entry element Games.
9 (RLIN) 54822
942 ## - ADDED ENTRY ELEMENTS (KOHA)
Source of classification or shelving scheme Dewey Decimal Classification
Koha item type Books
Holdings
Lost status Source of classification or shelving scheme Damaged status Not for loan Collection code Permanent Location Current Location Shelving location Date acquired Source of acquisition Cost, normal purchase price Total Checkouts Full call number Date last seen Copy number Koha item type
  Dewey Decimal Classification   Not For Loan Non-fiction Central Library, University of Rajshahi Central Library, University of Rajshahi Reading Room 10/09/1971 Zitlinger 87.00   793 HIC 1969 17/02/2014 C-1 Books